Software engineering : (Record no. 346071)

000 -LEADER
fixed length control field 00921 a2200205 4500
020 ## - INTERNATIONAL STANDARD BOOK NUMBER
International Standard Book Number 0070521824
020 ## - INTERNATIONAL STANDARD BOOK NUMBER
International Standard Book Number 9780070521827
082 04 - DEWEY DECIMAL CLASSIFICATION NUMBER
Classification number 005.1
090 ## - LOCALLY ASSIGNED LC-TYPE CALL NUMBER (OCLC); LOCAL CALL NUMBER (RLIN)
-- 3600
-- 3600
100 1# - MAIN ENTRY--PERSONAL NAME
Personal name Pressman, Roger S.
245 10 - TITLE STATEMENT
Title Software engineering :
Remainder of title a practitioner's approach /
Statement of responsibility, etc. Roger S. Pressman.
250 ## - EDITION STATEMENT
Edition statement 4th ed.
260 ## - PUBLICATION, DISTRIBUTION, ETC.
Place of publication, distribution, etc. [S.l.] :
Name of publisher, distributor, etc. McGraw-Hill Companies,
Date of publication, distribution, etc. 1996.
300 ## - PHYSICAL DESCRIPTION
Extent 852 p. ;
Dimensions 24 cm.
500 ## - GENERAL NOTE
General note Hardcover.
520 ## - SUMMARY, ETC.
Summary, etc. Well-suited for both the student and the working professional, Software Engineering A Practitioner's Approach recognizes the dramatic growth in the field of software engineering and emphasizes new and important methods and tools used in the industry.
856 40 - ELECTRONIC LOCATION AND ACCESS
Materials specified Amazon.com
Uniform Resource Identifier <a href="http://www.amazon.com/exec/obidos/ASIN/0070521824/chopaconline-20">http://www.amazon.com/exec/obidos/ASIN/0070521824/chopaconline-20</a>
856 40 - ELECTRONIC LOCATION AND ACCESS
Materials specified Amazon customer reviews
Uniform Resource Identifier <a href="http://www.chopac.org/cgi-bin/tools/azrev.pl?q=0070521824">http://www.chopac.org/cgi-bin/tools/azrev.pl?q=0070521824</a>
942 ## - ADDED ENTRY ELEMENTS (KOHA)
Institution code [OBSOLETE] NBS
Koha item type Book
Call number prefix 005.1 PRE
Holdings
Withdrawn status Lost status Damaged status Not for loan Permanent Location Current Location Shelving location Date acquired Total Checkouts Full call number Barcode Date last seen Date last checked out Price effective from Koha item type
        Central Library (CL) Central Library (CL) First Floor - Software Engineering/ Programming Language 08/28/2013 1 005.1 PRE NBS4668 11/22/2017 07/18/2017 08/28/2013 Book
© 2023 Central Library, National University of Sciences and Technology. All Rights Reserved.